Statistiken für Ewige Tabelle der DDR-Oberliga

Klicken Sie hier um das Quiz zu spielen!

Allgemein

  • Dieses Quiz wurde 538 mal gespielt
  • Das Durchschnittsergebnis liegt bei 14 aus 44

Antwortstatistiken

Antwort% Korrekt
1. FC Dynamo Dresden
94%
FC Hansa Rostock
89%
1. FC Lokomotive Leipzig
84%
1. FC Magdeburg
83%
1. FC Union Berlin
81%
FC Berlin
79%
FC Carl Zeiss Jena
76%
BSG Chemie Leipzig
72%
FC Energie Cottbus
72%
FC Rot-Weiß Erfurt
71%
FC Wismut Aue
70%
Chemnitzer FC
68%
Hallescher FC Chemie
68%
BSV Stahl Brandenburg
40%
BSG Sachsenring Zwickau
33%
FC Viktoria 91 Frankfurt
30%
BSG Wismut Gera
28%
Eisenhüttenstädter FC Stahl
24%
BSG Stahl Riesa
23%
BSG Lokomotive Stendal
19%
BSG Motor Wismar
16%
BSG Motor Suhl
15%
FC Sachsen Leipzig
11%
BSG Chemie Böhlen
10%
BSG Fortschritt Bischofswerda
8%
SC Aktivist Brieske-Senftenberg
8%
BSG Motor Steinach
7%
BSG Stahl Altenburg
7%
BSG Stahl Thale
7%
BSG Vorwärts Schwerin
7%
SC Neubrandenburg
7%
BSG Empor Lauter
6%
BSG Motor Dessau
6%
BSG Rotation Babelsberg
6%
ASG Vorwärts Stralsund
5%
BSG Chemie Buna Schkopau
5%
SC Lichtenberg 47
5%
BSG Chemie Zeitz
4%
BSG Einheit Pankow
4%
BSG Fortschritt Meerane
4%
SC Einheit Dresden
4%
SC Fortschritt Weißenfels
4%
BSG Turbine Weimar
3%
SG Dresden-Friedrichstadt
3%

Verteilung der Resultate

Perzentil nach korrekt beantworteten Fragen

Anzahl Personen mit jedem Resultat

Ihre Resultats-Entwicklung

Sie haben dieses Quiz noch nicht gespielt